[Event "ENG-ch U1700 Women"]
[Site "Kenilworth"]
[Date "2025.07.21"]
[Round "7.7"]
[White "Tarihalkar, Shrisha"]
[Black "Ou, Siyao"]
[Result "0-1"]
[WhiteElo "977"]
[BlackElo "1468"]
[PlyCount "106"]
[EventDate "2025.07.18"]
[EventType "swiss"]
[EventRounds "7"]
[EventCountry "ENG"]
[SourceTitle "BritBase"]
[Source "John Saunders"]
[SourceDate "2025.07.24"]
[SourceVersion "1"]
[SourceVersionDate "2025.07.24"]
[SourceQuality "1"]

1. e4 e6 2. d4 d5 3. exd5 exd5 4. Bd3 Bd6 5. Be3 Ne7 6. Nc3 c6 7. Nf3 Bf5 8. O-O O-O 9. Re1 Re8 10. Qe2 Nd7 11. Rad1 Nf8 12. Bxf5 Nxf5 13. Qd3 Nh4 14. Bd2 Nxf3+ 15. Qxf3 Qh4 16. Qh3 Qxd4 17. Be3 Qf6 18. Rd4 Ng6 19. b4 Qxd4 20. Ne2 Qxb4 21. Rd1 Nf4 22. Nxf4 Bxf4 23. Qf3 Bxe3 24. fxe3 Rf8 25. Qf5 Rae8 26. Rd3 Qb1+ 27. Qf1 Qxc2 28. Rb3 Qd2 29. Rxb7 Rxe3 30. Rb1 Qxa2 31. Rc1 Qd2 32. Rd1 Qe2 33. Qxe2 Rxe2 34. Rc1 Rc8 35. Ra1 Rc7 36. Rb1 g6 37. Rb8+ Kg7 38. Kf1 Re4 39. Rb1 c5 40. Rd1 d4 41. Rc1 c4 42. Kf2 d3 43. Kf3 Re6 44. Rd1 c3 45. Ra1 d2 46. Rd1 c2 47. Rxd2 c1=Q 48. Rf2 Qe3+ 49. Kg4 Rc4+ 50. Rf4 Rxf4+ 51. Kg5 Rf5+ 52. Kh4 Rh5+ 53. Kg4 Re4# 0-1

[Event "ENG-ch U1700 Women"]
[Site "Kenilworth"]
[Date "2025.07.21"]
[Round "7.8"]
[White "Mehta, Zara"]
[Black "Royce, Anastasija"]
[Result "0-1"]
[WhiteElo "1429"]
[BlackElo "1578"]
[PlyCount "74"]
[EventDate "2025.07.18"]
[EventType "swiss"]
[EventRounds "7"]
[EventCountry "ENG"]
[SourceTitle "BritBase"]
[Source "John Saunders"]
[SourceDate "2025.07.24"]
[SourceVersion "1"]
[SourceVersionDate "2025.07.24"]
[SourceQuality "1"]

1. d4 d5 2. Bf4 e6 3. e3 Nf6 4. Nf3 Nbd7 5. Nbd2 b6 6. Bd3 Bb7 7. O-O Be7 8. Re1 O-O 9. e4 dxe4 10. Nxe4 Nd5 11. Bd2 c5 12. c3 N5f6 13. Qc2 h6 14. h3 Rc8 15. Re2 c4 16. Nxf6+ Nxf6 17. Be4 Nxe4 18. Rxe4 Bxe4 19. Qxe4 Qd5 20. Qg4 Kh7 21. Re1 Bf6 22. Ne5 Qd8 23. Re3 Bxe5 24. Rxe5 Qf6 25. Rh5 Qg6 26. Qh4 f6 27. Kh2 Rcd8 28. g4 Rd5 29. Rxd5 exd5 30. f4 Qe4 31. Kg3 Qd3+ 32. Kg2 Qxd2+ 33. Kh1 Qxb2 34. Qh5 g6 35. Qh4 Qxc3 36. a3 Qxd4 37. Qe1 Qe4+ 0-1

[Event "ENG-ch U1700 Women"]
[Site "Kenilworth"]
[Date "2025.07.21"]
[Round "7.10"]
[White "Sengenberger, Sara"]
[Black "Boztas, Lana"]
[Result "1-0"]
[WhiteElo "1661"]
[BlackElo "1616"]
[PlyCount "101"]
[EventDate "2025.07.18"]
[EventType "swiss"]
[EventRounds "7"]
[EventCountry "ENG"]
[SourceTitle "BritBase"]
[Source "John Saunders"]
[SourceDate "2025.07.24"]
[SourceVersion "1"]
[SourceVersionDate "2025.07.24"]
[SourceQuality "1"]

1. e4 c5 2. Nc3 Nc6 3. f4 d6 4. Bb5 Bd7 5. Bxc6 Bxc6 6. Nf3 g6 7. O-O Bg7 8. d3 e6 9. e5 Ne7 10. exd6 Qxd6 11. Ne4 Bxe4 12. dxe4 Qc7 13. Qe2 O-O 14. c3 Rfd8 15. Be3 b6 16. Rad1 Qc6 17. Bf2 Qc7 18. Bh4 f6 19. e5 f5 20. Ng5 Rxd1 21. Rxd1 Nd5 22. Nxe6 Nxf4 23. Nxf4 Bxe5 24. Qc4+ Kh8 25. Qe6 Bg7 26. Nd5 Qb8 27. Bf6 Qf8 28. Bxg7+ Kxg7 29. Qe7+ Qxe7 30. Nxe7 Kf7 31. Nd5 g5 32. g3 Rc8 33. Kf2 Ke6 34. Ne3 Rf8 35. Ke2 f4 36. gxf4 gxf4 37. Rf1 Ke5 38. c4 Rg8 39. Nd5 Rg2+ 40. Rf2 Rg4 41. Ne7 Ke4 42. Nd5 h5 43. Nf6+ Kf5 44. Nxg4 hxg4 45. Kd3 Ke5 46. Re2+ Kf6 47. Re8 Kg5 48. Ke4 f3 49. Rf8 Kh4 50. Ke3 Kh3 51. Kf2 1-0